<?xml version="1.0" encoding="UTF-8"?><?xml-stylesheet type="text/xsl" href="static/style.xsl"?><OAI-PMH xmlns="http://www.openarchives.org/OAI/2.0/" xmlns:xsi="http://www.w3.org/2001/XMLSchema-instance" xsi:schemaLocation="http://www.openarchives.org/OAI/2.0/ http://www.openarchives.org/OAI/2.0/OAI-PMH.xsd"><responseDate>2026-06-01T23:36:04Z</responseDate><request verb="GetRecord" identifier="oai:riuma.uma.es:10630/28064" metadataPrefix="marc">https://riuma.uma.es/rest/oai/request</request><GetRecord><record><header><identifier>oai:riuma.uma.es:10630/28064</identifier><datestamp>2026-02-03T11:22:54Z</datestamp><setSpec>com_10630_2254</setSpec><setSpec>col_10630_37953</setSpec></header><metadata><record xmlns="http://www.loc.gov/MARC21/slim" xmlns:dcterms="http://purl.org/dc/terms/" xmlns:doc="http://www.lyncode.com/xoai" xmlns:xsi="http://www.w3.org/2001/XMLSchema-instance" xsi:schemaLocation="http://www.loc.gov/MARC21/slim http://www.loc.gov/standards/marcxml/schema/MARC21slim.xsd">
   <leader>00925njm 22002777a 4500</leader>
   <datafield ind2=" " ind1=" " tag="042">
      <subfield code="a">dc</subfield>
   </datafield>
   <datafield ind2=" " ind1=" " tag="720">
      <subfield code="a">Ruiz-Rey, Francisco José</subfield>
      <subfield code="e">author</subfield>
   </datafield>
   <datafield ind2=" " ind1=" " tag="720">
      <subfield code="a">Cebrián-Robles, Violeta</subfield>
      <subfield code="e">author</subfield>
   </datafield>
   <datafield ind2=" " ind1=" " tag="720">
      <subfield code="a">Cebrián-de-la-Serna, Manuel</subfield>
      <subfield code="e">author</subfield>
   </datafield>
   <datafield ind2=" " ind1=" " tag="260">
      <subfield code="c">2021-07-31</subfield>
   </datafield>
   <datafield ind2=" " ind1=" " tag="520">
      <subfield code="a">RESUMEn. Las guías docentes son de obligado cumplimiento para la evaluación de los programas,&#xd;
como un recurso importante para informar a los estudiantes universitarios. Sin embargo, la realidad&#xd;
es otra, en la práctica no suelen leerlas. La investigación analiza un proyecto que convierte la guías&#xd;
docentes en recursos más interactivos y atractivos mediante videoguías y anotaciones de vídeo con&#xd;
etiquetado social. Con diseño mixto de investigación preguntamos: a. conocimiento sobre las guías,&#xd;
b. Valoración de las videoguías, y c. satisfacción sobre las anotaciones de vídeo. Una muestra con&#xd;
132 estudiantes de diferentes cursos y grados de educación de dos universidades españolas.&#xd;
Encontramos un alto nº de estudiantes que no leen las guías docentes o con poco detalle (91,7%),&#xd;
valorando muy positivamente el formato de videoguías como la metodología de anotaciones de vídeo&#xd;
a pesar de no tener experiencias previas (90,4%).</subfield>
   </datafield>
   <datafield ind1="8" ind2=" " tag="024">
      <subfield code="a">Ruiz-Rey, F.J., Cebrián-Robles, V. &amp; Cebrián-de-la-Serna, M. (2021). Análisis de las videoguías con anotaciones multimedia. Campus Virtuales, 10(2), 97-109. http://uajournals.com/ojs/index.php/campusvirtuales/article/view/844/477</subfield>
   </datafield>
   <datafield ind1="8" ind2=" " tag="024">
      <subfield code="a">https://hdl.handle.net/10630/28064</subfield>
   </datafield>
   <datafield tag="653" ind2=" " ind1=" ">
      <subfield code="a">Enseñanza - Innovaciones</subfield>
   </datafield>
   <datafield tag="653" ind2=" " ind1=" ">
      <subfield code="a">Vídeo en la enseñanza</subfield>
   </datafield>
   <datafield tag="653" ind2=" " ind1=" ">
      <subfield code="a">Enseñanza -- Evaluación</subfield>
   </datafield>
   <datafield ind2="0" ind1="0" tag="245">
      <subfield code="a">Análisis de las videoguías con anotaciones multimedia.</subfield>
   </datafield>
</record>
</metadata></record></GetRecord></OAI-PMH>